00345nam a2200133Ia 4500003000400000005001700004008004100021040001800062041000800080100004500088110001800133245004000151260002000191OSt20251211153454.0211028s2018 xx 000 0 und d cAIMIT LIBRARY aeng aFernandes, Rhea; Nausheeda, B S.g161926 aNausheeda B S aSentiment analysis- BOSCH products. aMangaluruc2018